Text book of water supply and sanitary engineering (Record no. 24144)

000 -LEADER
fixed length control field 00463nam a22001817a 4500
001 - CONTROL NUMBER
control field 24144
003 - CONTROL NUMBER IDENTIFIER
control field BD-DhUET
008 - FIXED-LENGTH DATA ELEMENTS--GENERAL INFORMATION
fixed length control field 150506b xxu||||| |||| 00| 0 eng d
040 ## - CATALOGING SOURCE
Original cataloging agency DLC
Transcribing agency DLC
Modifying agency BD-DhUET
082 ## - DEWEY DECIMAL CLASSIFICATION NUMBER
Classification number 628
Item number KUL/1957
100 ## - MAIN ENTRY--PERSONAL NAME
Personal name Kulkarni, G. J.
245 ## - TITLE STATEMENT
Title Text book of water supply and sanitary engineering
250 ## - EDITION STATEMENT
Edition statement 1st ed.
260 ## - PUBLICATION, DISTRIBUTION, ETC. (IMPRINT)
Place of publication, distribution, etc. Ahmedabad
Name of publisher, distributor, etc. Haqqi Offset Press
Date of publication, distribution, etc. 1957
300 ## - PHYSICAL DESCRIPTION
Extent xiv, 511 p.
650 #0 - SUBJECT ADDED ENTRY--TOPICAL TERM
Topical term or geographic name as entry element Engineering
942 ## - ADDED ENTRY ELEMENTS (KOHA)
Koha item type General Book
Holdings
Sublocation or collection (holding branch) Koha normalized classification for sorting Source of classification or shelving scheme Not for loan Shelving location Damaged status Piece designation (barcode) Withdrawn status Date acquired Lost status Location (home branch) Copy number Koha date last seen Koha item type Koha full call number Price effective from
Central Library, BUET628_000000000000000_KUL_1957  Circulation section 19751 2015-05-06 Central Library, BUET12015-05-06General Book628/KUL/19572015-05-06